| 000 | 00408nam a2200169Ia 4500 | ||
|---|---|---|---|
| 008 | 221030s9999 xx 000 0 und d | ||
| 020 | _a8178087782 | ||
| 041 | _aEnglish | ||
| 082 |
_a105.23 _bBer |
||
| 100 | _aB. Berman | ||
| 245 | 0 | _aRetail Management - A Strategic Approach | |
| 260 |
_bPearson Education _aDelhi _c2002 |
||
| 300 | _a708 | ||
| 650 | _aManagement | ||
| 700 | _aJ. R. Evans | ||
| 942 | _cBK | ||
| 999 |
_c944 _d944 |
||